Mohammedanism : an historical survey /

Bibliographic Details
Main Author: Gibb, H. A. R. (Hamilton Alexander Rosskeen), 1895-1971
Format: Book
Language:English
Published: London ; New York : Oxford University Press, 1949.
Series:Home university library of modern knowledge ; 197.
Subjects:

MARC

Tag First Indicator Second Indicator Subfields
LEADER 00000cam a22000001 4500
001 in00000008362
005 20151003050032.0
008 761229s1949 enk b 00110 eng
010 |a  49009255  
035 |a (OCoLC)00932136 
035 |9 AAA0749AM 
040 |a DLC  |c CMC  |d m.c.  |d TXA  |d UtOrBLW 
050 0 0 |a BP50  |b .G5 
082 0 |a 297.09 
100 1 |a Gibb, H. A. R.  |q (Hamilton Alexander Rosskeen),  |d 1895-1971. 
245 1 0 |a Mohammedanism :  |b an historical survey /  |c H.A.R. Gibb. 
264 1 |a London ;  |a New York :  |b Oxford University Press,  |c 1949. 
300 |a ix, 206 pages ;  |c 17 cm. 
336 |a text  |b txt  |2 rdacontent 
337 |a unmediated  |b n  |2 rdamedia 
338 |a volume  |b nc  |2 rdacarrier 
490 1 |a The Home university library of modern knowledge ;  |v 197 
504 |a Bibliography: pages 192-200. 
500 |a Includes index. 
650 0 |a Islam  |x History. 
830 0 |a Home university library of modern knowledge ;  |v 197. 
999 |a MARS 
999 f f |s 950b996b-8e59-3153-be50-62f7721ac95a  |i 5adc36d0-d722-3236-9c64-4a091e288a25  |t 0 
952 f f |p ric  |a Texas A&M University  |b Rellis Campus  |c Joint Library Facility  |d Remote Storage  |t 0  |e BP50 .G5  |h Library of Congress classification  |i unmediated -- volume  |m A14812562104 
998 f f |a BP50 .G5  |t 0  |l Remote Storage